<?xml version="1.0" encoding="UTF-8"?>
<record
    xmlns:xsi="http://www.w3.org/2001/XMLSchema-instance"
    xsi:schemaLocation="http://www.loc.gov/MARC21/slim http://www.loc.gov/standards/marcxml/schema/MARC21slim.xsd"
    xmlns="http://www.loc.gov/MARC21/slim">

  <leader>00785nam a2200229 a 4500</leader>
  <controlfield tag="001">000039299</controlfield>
  <controlfield tag="003">DO-SdBNP</controlfield>
  <controlfield tag="005">20180214100048.0</controlfield>
  <controlfield tag="007">000039299</controlfield>
  <controlfield tag="008">130621s2013    dr c          000 0 spa d</controlfield>
  <datafield tag="040" ind1=" " ind2=" ">
    <subfield code="a">BPMET</subfield>
    <subfield code="b">spa</subfield>
    <subfield code="c">BPMET</subfield>
  </datafield>
  <datafield tag="100" ind1="1" ind2=" ">
    <subfield code="a">Gonz&#xE1;lez, Narciso</subfield>
    <subfield code="q">Narcisazo</subfield>
  </datafield>
  <datafield tag="245" ind1="1" ind2="0">
    <subfield code="a">Juan Pablo Duarte :</subfield>
    <subfield code="b">principios para un gran final /</subfield>
    <subfield code="c">Narciso Gonz&#xE1;lez.</subfield>
  </datafield>
  <datafield tag="260" ind1=" " ind2=" ">
    <subfield code="a">Santo Domingo :</subfield>
    <subfield code="b">Sociedad de Animadores de la Cultura y la Democr&#xE1;cia (SACUDE),</subfield>
    <subfield code="c">2013.</subfield>
  </datafield>
  <datafield tag="300" ind1=" " ind2=" ">
    <subfield code="a">24 P. :</subfield>
    <subfield code="b">retrs. ;</subfield>
    <subfield code="c">23 cm.</subfield>
  </datafield>
  <datafield tag="930" ind1=" " ind2="1">
    <subfield code="l">BND01</subfield>
    <subfield code="m">LF1</subfield>
    <subfield code="8">20130621</subfield>
    <subfield code="f">04</subfield>
    <subfield code="p">CT</subfield>
    <subfield code="g">37417</subfield>
  </datafield>
  <datafield tag="942" ind1=" " ind2=" ">
    <subfield code="2">ddc</subfield>
    <subfield code="c">BK</subfield>
  </datafield>
  <datafield tag="945" ind1=" " ind2=" ">
    <subfield code="a">inventariado, 2018 / dg</subfield>
  </datafield>
  <datafield tag="952" ind1=" " ind2=" ">
    <subfield code="0">0</subfield>
    <subfield code="1">0</subfield>
    <subfield code="2">ddc</subfield>
    <subfield code="4">0</subfield>
    <subfield code="7">0</subfield>
    <subfield code="a">BPMET</subfield>
    <subfield code="b">BPMET</subfield>
    <subfield code="d">2015-04-13</subfield>
    <subfield code="l">0</subfield>
    <subfield code="p">BPMSU15041246</subfield>
    <subfield code="r">2015-04-13</subfield>
    <subfield code="w">2015-04-13</subfield>
    <subfield code="y">BK</subfield>
  </datafield>
  <datafield tag="956" ind1=" " ind2=" ">
    <subfield code="a">WMENDOZA</subfield>
    <subfield code="b">10</subfield>
    <subfield code="c">20130621</subfield>
    <subfield code="l">BND01</subfield>
    <subfield code="h">1205</subfield>
  </datafield>
  <datafield tag="956" ind1=" " ind2=" ">
    <subfield code="a">NMORDAN</subfield>
    <subfield code="b">10</subfield>
    <subfield code="c">20130624</subfield>
    <subfield code="l">BND01</subfield>
    <subfield code="h">1054</subfield>
  </datafield>
  <datafield tag="956" ind1=" " ind2=" ">
    <subfield code="a">VMATEO</subfield>
    <subfield code="b">10</subfield>
    <subfield code="c">20150413</subfield>
    <subfield code="l">BND01</subfield>
    <subfield code="h">00151</subfield>
  </datafield>
  <datafield tag="999" ind1=" " ind2=" ">
    <subfield code="c">7626</subfield>
    <subfield code="d">7626</subfield>
  </datafield>
</record>
